Albums by Oasis & the Gallaghers - Statistics

General Stats
  • This quiz has been taken 215 times
    173 since last reset
  • The average score is 11 of 17
Answer Stats
Year Artist Album % Correct
1995 Oasis (What's the Story) Morning Glory?
96%
1994 Oasis Definitely Maybe
94%
2000 Oasis Standing on the Shoulder of Giants
87%
2013 Beady Eye BE
86%
1997 Oasis Be Here Now
85%
2002 Oasis Heathen Chemistry
77%
2008 Oasis Dig Out Your Soul
75%
2005 Oasis Don't Believe the Truth
75%
2011 NGHFB Noel Gallagher's High Flying Birds
63%
2023 NGHFB Council Skies
58%
2019 Liam Gallagher Why Me? Why Not.
57%
2017 Liam Gallagher As You Were
56%
2022 Liam Gallagher C'mon You Know
48%
2015 NGHFB Chasing Yesterday
46%
2024 Liam Gallagher + Liam Gallagher John Squire
43%
2017 NGHFB Who Built the Moon?
40%
2011 Beady Eye Different Gear, Still Speeding
33%
No matching quizzes found
Score Distribution
Percent of People with Each Score
Percentile by Number Answered
Your Score History
You have not taken this quiz since the last reset